Book Titles Missing Surnames Quiz Stats

Quiz Updated Mar 4, 2012

Challenge
Share
Tweet
Embed
Score 0/40 Timer 05:00
2 Plays Today
Book Surname % Correct
Harry ___ and the Sorcerer's StonePotter
98.3%
The Adventures of Huckleberry ___Finn
97.1%
Stuart ___Little
92%
Oliver ___Twist
91.9%
Robinson ___Crusoe
87.9%
The Swiss Family ___Robinson
87.8%
___'s TravelsGulliver
87.4%
Pippi ___Longstocking
86.5%
The Great ___Gatsby
85.9%
The ___ IdentityBourne
77.8%
The Talented Mr. ___Ripley
70.1%
Lady ___'s LoverChatterley
63.5%
Dr. ___No
58.1%
The World According to ___Garp
55.8%
Peter ___Pan
54.6%
Madame ___Bovary
52%
Doctor ___Zhivago
50.6%
Lorna ___Doone
49%
Silas ___Marner
46.5%
The Prime of Miss Jean ___Brodie
44%
Book Surname % Correct
Rob ___Roy
43.9%
The Island of Doctor ___Moreau
41.7%
The Brothers ___Karamazov
39.6%
Tom ___Jones
35.8%
___'s ComplaintPortnoy
30.4%
___ and AbelKane
29.8%
Mrs ___Dalloway
28.5%
Tristram ___Shandy
26.4%
Mr. ___ Can Moo, Can You?Brown
24.4%
The Story of Doctor ___Dolittle
21.4%
Right Ho, ___Jeeves
21.2%
My Name Is Asher ___Lev
16.3%
Agnes ___Grey
15.3%
The Adventures of Augie ___March
13.5%
Myra ___Breckinridge
13.4%
The Girl Who Loved Tom ___Gordon
12.3%
The Amazing Adventures of ___ & ClayKavalier
11.6%
The Nick ___ StoriesAdams
5%
___ Is BackBech
3.9%
The Lost Honor of Katharina ___Blum
3.5%

You're not logged in!

Compare scores with friends on all Sporcle quizzes.
Sign Up with Email
OR
Log In

You Might Also Like...

Show Comments

Extras

Top Quizzes Today


Score Distribution

Your Account Isn't Verified!

In order to create a playlist on Sporcle, you need to verify the email address you used during registration. Go to your Sporcle Settings to finish the process.